[Event "Lanzarote-chT"]
[Site "Arrecife de Lanzarote"]
[Date "2021.07.03"]
[Round "1.2"]
[White "Rey Cortes, Jorge"]
[Black "Placeres Reyes, Miguel Angel"]
[Result "0-1"]
[WhiteElo "1411"]
[BlackElo "1977"]
[PlyCount "60"]
[EventDate "2021.07.03"]
[EventType "team-tourn"]
[EventRounds "6"]
[EventCountry "ESP"]
[SourceTitle "EXT 2022"]
[Source "ChessBase"]
[SourceDate "2021.10.06"]
[SourceVersion "1"]
[SourceVersionDate "2021.10.06"]
[SourceQuality "1"]
[WhiteTeam "Esacan Cacharros"]
[BlackTeam "Tablero de Guanapay"]
[WhiteTeamCountry "ESP"]
[BlackTeamCountry "ESP"]

1. Nf3 d6 2. g3 g6 3. Bg2 Bg7 4. 0-0 Nf6 5. Nc3 0-0 6. d4 Nc6 7. e4 e5 8. d5 Ne7 9. Bg5 h6 10. Bxf6 Bxf6 11. b4 Bg7 12. a4 f5 13. exf5 gxf5 14. Ne2 Ng6 15. h4 f4 16. h5 e4 17. hxg6 exf3 18. Bxf3 Bh3 19. Nxf4 Rxf4 20. gxf4 Bxf1 21. Kxf1 Bxa1 22. Qxa1 Qh4 23. Qd4 Rf8 24. c3 Qxf4 25. Bg4 Qxd4 26. cxd4 Rf4 27. f3 Kg7 28. Ke2 Rxd4 29. Ke3 Rxb4 30. f4 Rxa4 0-1

[Event "Lanzarote-ch"]
[Site "Arrecife de Lanzarote"]
[Date "2020.03.10"]
[Round "2"]
[White "Rey Cortes, Jorge"]
[Black "Molina Toledo, Jose Juan"]
[Result "0-1"]
[WhiteElo "1417"]
[BlackElo "1569"]
[PlyCount "63"]
[EventDate "2020.03.06"]
[EventType "swiss"]
[EventRounds "7"]
[EventCountry "ESP"]
[SourceTitle "EXT 2024"]
[Source "ChessBase"]
[SourceDate "2023.10.10"]
[SourceVersion "1"]
[SourceVersionDate "2023.10.10"]
[SourceQuality "1"]

1. Nf3 d5 2. g3 Nf6 3. d3 Nc6 4. Bg2 e6 5. 0-0 Be7 6. Bg5 h6 7. Bf4 Bd6 8. Bxd6 Qxd6 9. Nbd2 0-0 10. c4 Re8 11. Re1 Ne5 12. b3 c6 13. Nxe5 Qxe5 14. e3 Qf5 15. e4 Qg6 16. e5 Nh7 17. Re3 Bd7 18. Nf3 Rad8 19. Nh4 Qg5 20. f4 Qe7 21. d4 dxc4 22. bxc4 Bc8 23. Rd3 Rd7 24. Qg4 f5 25. Qh5 Qf7 26. Qxf7+ Kxf7 27. d5 cxd5 28. cxd5 g5 29. dxe6+ Kxe6 30. Bd5+ Rxd5 31. Rxd5 Kxd5 32. Nxf5 0-1

[Event "Canarias-chT"]
[Site "Arrecife de Lanzarote"]
[Date "2016.06.25"]
[Round "5.3"]
[White "Rey Cortes, Jorge"]
[Black "Morales Quintero, Jose Miguel"]
[Result "0-1"]
[WhiteElo "1460"]
[BlackElo "1926"]
[PlyCount "122"]
[EventDate "2016.06.23"]
[EventType "team-swiss"]
[EventRounds "6"]
[EventCountry "ESP"]
[SourceTitle "EXT 2021"]
[Source "ChessBase"]
[SourceDate "2020.10.23"]
[SourceVersion "1"]
[SourceVersionDate "2020.10.23"]
[SourceQuality "1"]
[WhiteTeam "El Bereber"]
[BlackTeam "Victoria RC"]
[WhiteTeamCountry "ESP"]
[BlackTeamCountry "ESP"]

1. Nf3 Nf6 2. g3 g6 3. Bg2 Bg7 4. c4 c5 5. Nc3 0-0 6. 0-0 Nc6 7. b3 b6 8. Bb2 Bb7 9. d4 Nxd4 10. Nxd4 Bxg2 11. Kxg2 cxd4 12. Qxd4 d6 13. Rad1 Nd7 14. Qe3 Re8 15. f4 Rc8 16. Ba1 Nf6 17. Qf3 Qd7 18. h3 Qc6 19. e4 a6 20. e5 Nd7 21. Ne4 f5 22. exf6 Nxf6 23. Ng5 b5 24. Qxc6 Rxc6 25. cxb5 axb5 26. Ne6 Rc2+ 27. Rf2 Rec8 28. g4 h6 29. Nxg7 Kf7 30. g5 hxg5 31. fxg5 Rxf2+ 32. Kxf2 Ne4+ 33. Kf3 Nxg5+ 34. Kg4 Nh7 35. Rf1+ Nf6+ 36. Bxf6 exf6 37. Nf5 gxf5+ 38. Rxf5 Rc5 39. h4 Ke6 40. Rf2 Re5 41. Rh2 d5 42. h5 Kf7 43. Rf2 d4 44. Rd2 Rd5 45. Rd3 b4 46. Kf4 Rxh5 47. Ke4 Ke6 48. Rf3 Rh4+ 49. Kd3 Ke5 50. Kc4 f5 51. Rd3 Re4 52. Kxb4 Re3 53. Kc4 f4 54. a4 f3 55. Rd1 Rc3+ 56. Kb4 Ke4 57. a5 f2 58. Rf1 Ke3 59. a6 Ke2 60. Rxf2+ Kxf2 61. a7 Rc8 0-1